00466nam a2200181Ia 4500003000400000005001700004008004100021020001800062040000700080041000800087082001600095100002400111245008600135260000900221300001400230365001300244650002700257OSt20230623141200.0210423s2014 xx 000 0 und d a9781505419344 cAL aeng a808.51 REDP aREDDY (Ramakrishna) aPublic speaking topic secrets: for college, community, toastmasters and ted talks c2014 aix,39bPB b700cINR aRhetoric & Collections